| 000 | 01127nam a22002537a 4500 | ||
|---|---|---|---|
| 999 |
_c6889 _d6889 |
||
| 003 | AR-CdUCM | ||
| 008 | 190319b ||||| |||| 00| 0 spa d | ||
| 020 | _a84-7232-189-4 | ||
| 040 |
_aMUNICIPALIDAD PROVINCIAL DEL CUSCO _cBIBLIOTECA MUNICIPAL DEL CUSCO |
||
| 082 |
_a574.19 / _bB61 |
||
| 110 |
_aPrograma Regional de entrenamiento de Postgrado en Ciencias Biológicas _919414 |
||
| 245 |
_aLa bioquímica en América del Sur y España : _bDirectorio de investigadores en bioquímica / |
||
| 260 |
_aMadrid : _bInstituto de Cooperación Iberoamericana, _c1983. |
||
| 300 |
_a321 paginas ; _c20 cm. |
||
| 440 |
_aDirectorio de investigadores en Química _919415 |
||
| 505 | _aContenido:La bioquímica en latinoamérica --La bioquímica en España --Prologo --Direcciones de comités nacionales en los países participante --Coordinación técnica del programa PNUD/UNESCO ... | ||
| 650 |
_aBioquímicos _919416 |
||
| 650 |
_aDirectorios _919417 |
||
| 650 |
_aSur América _917944 |
||
| 650 |
_aEspaña _9176 |
||
| 710 |
_aInstituto de Cooperación Iberoamericana (Madrid) _919418 |
||
| 942 |
_2ddc _cLIBROS |
||
| 945 | _arjall | ||